[Event "USA-ch High School K12"]
[Site "Schaumburg"]
[Date "2019.03.16"]
[Round "4"]
[White "Truelson, Joseph"]
[Black "Nydick, Brandon"]
[Result "1/2-1/2"]
[WhiteElo "2087"]
[BlackElo "2150"]
[PlyCount "68"]
[EventDate "2019.03.15"]
[EventType "swiss"]
[EventRounds "7"]
[EventCountry "USA"]
[SourceTitle "CBM 189 Extra"]
[Source "ChessBase"]
[SourceDate "2019.06.03"]
[SourceVersion "1"]
[SourceVersionDate "2019.06.03"]
[SourceQuality "1"]

1. e4 e6 2. d4 d5 3. Nc3 Nf6 4. e5 Nfd7 5. f4 c5 6. Nf3 Nc6 7. Be3 a6 8. Qd2 b5 9. dxc5 Bxc5 10. Bd3 Qb6 11. Bf2 Bxf2+ 12. Qxf2 Qxf2+ 13. Kxf2 Nc5 14. Ne2 Nb4 15. Rhd1 Bd7 16. a3 Nc6 17. Ned4 Ke7 18. Nxc6+ Bxc6 19. Nd4 Bd7 20. Ke3 f5 21. b4 Na4 22. Nb3 h6 23. Kd4 g5 24. g3 g4 25. h4 Rhc8 26. Rd2 Rc7 27. Rg2 Bc8 28. Rgg1 Bd7 29. Rg2 Rac8 30. Rgg1 Bc6 31. Rge1 Ba8 32. Rg1 h5 33. Rge1 Kf7 34. Rg1 Bb7 1/2-1/2

[Event "Pan American-ch U18"]
[Site "Santiago de Chile"]
[Date "2018.07.28"]
[Round "9"]
[White "Rodriguez Horna, Lorenzo"]
[Black "Nydick, Brandon"]
[Result "1/2-1/2"]
[WhiteElo "1985"]
[BlackElo "2130"]
[PlyCount "71"]
[EventDate "2018.07.22"]
[EventType "swiss"]
[EventRounds "9"]
[EventCountry "CHI"]
[SourceTitle "EXT 2022"]
[Source "ChessBase"]
[SourceDate "2021.10.06"]
[SourceVersion "1"]
[SourceVersionDate "2021.10.06"]
[SourceQuality "1"]

1. b3 d5 2. Bb2 Bg4 3. f3 Bf5 4. e3 Nd7 5. d4 e6 6. Bd3 Qg5 7. Qe2 Bxd3 8. cxd3 c5 9. f4 Qd8 10. Nf3 cxd4 11. Bxd4 Ngf6 12. 0-0 Bc5 13. Bxc5 Nxc5 14. Rc1 Qb6 15. d4 Nce4 16. Nbd2 0-0 17. Nxe4 Nxe4 18. Nd2 Nxd2 19. Qxd2 Rac8 20. Rc2 Qa6 21. Rac1 b6 22. Kf2 Rxc2 23. Qxc2 Qa3 24. Qd2 h6 25. Rc3 g6 26. Rc2 Kg7 27. Qc1 Qa6 28. Qf1 Qb7 29. Qc1 h5 30. Rc7 Qa6 31. a4 b5 32. Qc6 Qa5 33. Qc3 Qa6 34. Qc6 Qa5 35. Qc3 Qa6 36. Qc6 1/2-1/2

[Event "Pan American-ch U18"]
[Site "Santiago de Chile"]
[Date "2018.07.27"]
[Round "8"]
[White "Nydick, Brandon"]
[Black "Santiago Vilca, Christian Amilca"]
[Result "0-1"]
[WhiteElo "2130"]
[BlackElo "2248"]
[PlyCount "103"]
[EventDate "2018.07.22"]
[EventType "swiss"]
[EventRounds "9"]
[EventCountry "CHI"]
[SourceTitle "EXT 2022"]
[Source "ChessBase"]
[SourceDate "2021.10.06"]
[SourceVersion "1"]
[SourceVersionDate "2021.10.06"]
[SourceQuality "1"]

1. d4 Nf6 2. c4 g6 3. Nc3 Bg7 4. Nf3 d6 5. Bg5 h6 6. Bh4 g5 7. Bg3 Nh5 8. e3 c5 9. d5 Qa5 10. Qc2 f5 11. Bd3 Na6 12. Qd2 0-0 13. 0-0 e5 14. dxe6 Bxe6 15. Bxd6 Rfd8 16. Be5 Nf6 17. Qe2 Nb4 18. Rad1 Nc6 19. Bxf6 Bxf6 20. Nd5 Bg7 21. e4 Re8 22. Qc2 f4 23. Nd2 Qd8 24. Nb3 f3 25. gxf3 Bh3 26. Rfe1 b6 27. Kh1 Qd6 28. f4 gxf4 29. e5 Rxe5 30. Be4 Rae8 31. f3 Qf8 32. Rg1 Rxe4 33. fxe4 f3 34. Qf2 Ne5 35. Ne3 h5 36. Rg3 Ng4 37. Qxf3 Nf2+ 38. Kg1 Qxf3 39. Rxf3 Nxd1 40. Rxh3 Nxe3 41. Rxe3 Bxb2 42. Kg2 Kf7 43. Re2 Bf6 44. Rd2 Rxe4 45. Rd7+ Kg6 46. Rxa7 Rxc4 47. Ra6 Rc2+ 48. Kh3 Be5 49. Rxb6+ Kf5 50. Nd4+ cxd4 51. Rb2 Rxb2 52. Kh4 0-1

[Event "New York Int op 11th"]
[Site "New York"]
[Date "2018.06.13"]
[Round "1"]
[White "Nydick, Brandon"]
[Black "Brodsky, David"]
[Result "1-0"]
[WhiteElo "2130"]
[BlackElo "2406"]
[PlyCount "113"]
[EventDate "2018.06.13"]
[EventType "swiss"]
[EventRounds "9"]
[EventCountry "USA"]
[SourceTitle "CBM 185 Extra"]
[Source "ChessBase"]
[SourceDate "2018.07.29"]
[SourceVersion "1"]
[SourceVersionDate "2018.07.29"]
[SourceQuality "1"]

1. d4 Nf6 2. c4 e6 3. Nf3 b6 4. g3 Bb7 5. Bg2 Bb4+ 6. Nbd2 0-0 7. 0-0 Re8 8. a3 Bf8 9. Qc2 d5 10. Ne5 c5 11. dxc5 bxc5 12. b3 Qc7 13. Bb2 d4 14. Bxb7 Qxb7 15. e3 dxe3 16. fxe3 Nbd7 17. Nxd7 Nxd7 18. Rad1 Rab8 19. Rf2 Be7 20. Ne4 f5 21. Nd6 Bxd6 22. Rxd6 Re7 23. b4 cxb4 24. c5 Nf8 25. c6 Qc7 26. Rfd2 a5 27. Be5 Qa7 28. R6d4 Rc8 29. axb4 axb4 30. Kf2 Qb6 31. Rc4 b3 32. Qc3 Ng6 33. Bd6 Rf7 34. c7 Ne7 35. Bxe7 Rxe7 36. Rd8+ Rxd8 37. cxd8Q+ Qxd8 38. Rc8 Qxc8 39. Qxc8+ Kf7 40. Qb8 h6 41. Qxb3 Rd7 42. Kf3 Kf6 43. Qc3+ Kf7 44. h4 Rd5 45. Qc8 Rd1 46. Kf4 Rd5 47. h5 Rd1 48. Qb7+ Kf6 49. Qb2+ Kf7 50. Qb3 Rd7 51. Ke5 Re7 52. Qc4 Re8 53. Qc7+ Re7 54. Qc8 g6 55. hxg6+ Kxg6 56. Qg8+ Kh5 57. Kf6 1-0

[Event "World op 45th"]
[Site "Philadelphia"]
[Date "2017.06.30"]
[Round "1"]
[White "Nydick, Brandon"]
[Black "Becerra Rivero, Julio"]
[Result "0-1"]
[WhiteElo "2154"]
[BlackElo "2556"]
[PlyCount "86"]
[EventDate "2017.06.29"]
[EventType "swiss"]
[EventRounds "9"]
[EventCountry "USA"]
[SourceTitle "CBM 179 Extra"]
[Source "ChessBase"]
[SourceDate "2017.08.23"]
[SourceVersion "1"]
[SourceVersionDate "2017.08.23"]
[SourceQuality "1"]

1. d4 Nf6 2. c4 g6 3. Nc3 Bg7 4. Nf3 d6 5. Bg5 h6 6. Bh4 g5 7. Bg3 Nh5 8. e3 c5 9. d5 Nd7 10. Bd3 a6 11. a4 Ndf6 12. Qc2 Bd7 13. 0-0 Rb8 14. e4 Ng4 15. Rfe1 Nxg3 16. hxg3 Qb6 17. Nh2 Nxh2 18. Kxh2 h5 19. f4 h4 20. Rf1 hxg3+ 21. Kxg3 gxf4+ 22. Kxf4 Bd4 23. Rh1 Rg8 24. g3 Qd8 25. Kf3 e5 26. Qd2 Qf6+ 27. Kg2 Ke7 28. Qe1 Rg7 29. Ne2 Rbg8 30. Ra3 Be3 31. Bc2 Qg5 32. Rb3 b5 33. axb5 axb5 34. cxb5 c4 35. Ra3 Bc5 36. b4 cxb3 37. Rxb3 Bb6 38. Ng1 Rc8 39. Qe2 Qc1 40. Bd3 Rxg3+ 41. Kh2 Rh8+ 42. Kxg3 Qg5+ 43. Kf3 Qg4# 0-1

[Event "Wch U14"]
[Site "Durban"]
[Date "2014.09.22"]
[Round "4"]
[White "Nydick, Brandon"]
[Black "Mirissage, Dimuth Oshadhee"]
[Result "1-0"]
[WhiteElo "2000"]
[BlackElo "1658"]
[PlyCount "41"]
[EventDate "2014.09.20"]
[EventType "swiss"]
[EventRounds "11"]
[EventCountry "RSA"]
[SourceTitle "CBM 162 Extra"]
[Source "ChessBase"]
[SourceDate "2014.10.17"]
[SourceVersion "1"]
[SourceVersionDate "2014.10.17"]
[SourceQuality "1"]

1. d4 d5 2. c4 c6 3. cxd5 cxd5 4. Nf3 Nf6 5. Nc3 Nc6 6. Bf4 Bg4 7. e3 e6 8. Qb3 Qd7 9. Ne5 Qe7 10. Bb5 Rc8 11. a3 Bf5 12. Qa4 Qd8 13. Qxa7 Nd7 14. Qxb7 Ncxe5 15. Bxe5 f6 16. Bg3 Bg6 17. Na4 Be7 18. Nb6 Rc2 19. Qxd7+ Qxd7 20. Bxd7+ Kd8 21. b4 1-0

[Event "Wch U12"]
[Site "Al Ain"]
[Date "2013.12.22"]
[Round "6"]
[White "Rakesh, Kumar Jena"]
[Black "Nydick, Brandon"]
[Result "1-0"]
[WhiteElo "2059"]
[BlackElo "1776"]
[PlyCount "101"]
[EventDate "2013.12.18"]
[EventType "swiss"]
[EventRounds "11"]
[EventCountry "UAE"]
[SourceTitle "CBM 158 Extra"]
[Source "ChessBase"]
[SourceDate "2014.02.28"]
[SourceVersion "1"]
[SourceVersionDate "2014.02.28"]
[SourceQuality "1"]

1. e4 e6 2. d4 d5 3. Nd2 Nf6 4. e5 Nfd7 5. Bd3 c5 6. c3 Nc6 7. Ngf3 Qb6 8. 0-0 cxd4 9. cxd4 Nxd4 10. Nxd4 Qxd4 11. Nf3 Qb6 12. Qa4 Qb4 13. Qc2 h6 14. a3 Qb6 15. Qa4 g6 16. Be3 Bc5 17. Bxc5 Qxc5 18. Rac1 Qb6 19. Bb5 Qd8 20. h3 0-0 21. Qf4 Kg7 22. Nh2 a6 23. Bxd7 Bxd7 24. Ng4 Rh8 25. Rc3 Rc8 26. Rxc8 Bxc8 27. Rc1 Bd7 28. Qf6+ Qxf6 29. exf6+ Kh7 30. Rc7 Rd8 31. Ne5 Be8 32. Kf1 Kg8 33. Rxb7 Kf8 34. Ke2 d4 35. f4 Rd5 36. Rb8 g5 37. g3 gxf4 38. gxf4 a5 39. b4 h5 40. bxa5 Rxa5 41. Nd7+ Kg8 42. Rxe8+ Kh7 43. Nf8+ Kh6 44. Re7 d3+ 45. Kd2 Rxa3 46. Rxf7 Ra2+ 47. Kxd3 Ra3+ 48. Kc2 Ra2+ 49. Kb3 Ra7 50. Rxa7 e5 51. Rh7# 1-0

[Event "Wch U12"]
[Site "Al Ain"]
[Date "2013.12.20"]
[Round "3"]
[White "Nydick, Brandon"]
[Black "Buckels, Valentin"]
[Result "1-0"]
[WhiteElo "1776"]
[BlackElo "2061"]
[PlyCount "67"]
[EventDate "2013.12.18"]
[EventType "swiss"]
[EventRounds "11"]
[EventCountry "UAE"]
[SourceTitle "CBM 158 Extra"]
[Source "ChessBase"]
[SourceDate "2014.02.28"]
[SourceVersion "1"]
[SourceVersionDate "2014.02.28"]
[SourceQuality "1"]

1. e4 e5 2. Nf3 Nc6 3. Bb5 a6 4. Ba4 Nf6 5. d3 b5 6. Bb3 Bc5 7. a4 Rb8 8. Nc3 d6 9. h3 h6 10. 0-0 Be6 11. Bxe6 fxe6 12. axb5 axb5 13. Be3 Nd4 14. Bxd4 exd4 15. Ne2 e5 16. c3 dxc3 17. bxc3 0-0 18. d4 exd4 19. cxd4 Bb6 20. Nf4 Qe8 21. e5 Ne4 22. Qb3+ Kh8 23. Qe3 Nc3 24. Rfe1 d5 25. e6 Rxf4 26. Qxf4 Ne4 27. Qf5 Rd8 28. Ne5 Nd6 29. Nf7+ Kg8 30. Qxd5 c6 31. Qxd6 Rxd6 32. Nxd6 Qe7 33. Nf5 Qe8 34. e7 1-0